00689nam a2200169 a 450000100100000000500170001000800410002702000150006804000250008310000270010824500580013526000490019330000590024250400320030195201690033399900170050200004458620201002045500.0140718s1996 ck abc 000 0 spa d z8482808980 aDO-SdBNPbspacBNPHU1 aCastillo, Fabio97261610aLos nuevos jinetes de la cocaína /cFabio Castillo. aSantafé de Bogotá :bOveja Negra,c1996. a231 p. :bil, retrs., mapas, [12] p. de lam. ;c24 cm. aBibliografía : p. 229-230 001050718MOaGRbGRcCTd2014-07-18iLF1l0o p44586-10r2020-06-25w2020-06-25y1zPerteneció a la biblioteca personal de Germán Emilio OrnesZNo se presta c44075d44075